|
|
|
|
| LEADER |
01074pam a22002658a 4500 |
| 001 |
00044694 |
| 005 |
20190926090915.0 |
| 008 |
170830s2017 ||||||viesd |
| 020 |
# |
# |
|a 9786049721823
|c 0
|
| 041 |
0 |
# |
|a vie
|
| 082 |
1 |
4 |
|a 398.809 597
|b Đ312QU
|
| 100 |
1 |
# |
|e Sưu tầm
|a Nông, Minh Châu
|
| 245 |
1 |
0 |
|c Nông Minh Châu (s.t.)
|a Đính Quân - Truyện thơ cổ điển các dân tộc Việt Bắc
|
| 260 |
# |
# |
|a Hà Nội
|c 2018
|b Hội Nhà văn
|
| 300 |
# |
# |
|a 119 tr.
|c 21 cm.
|
| 500 |
# |
# |
|a ĐTTS ghi : Liên hiệp các hội văn học nghệ thuật Việt Nam. Hội văn học nghệ thuật các dân tộc thiểu số Việt Nam
|
| 546 |
# |
# |
|a Chính văn bằng tiếng Tày
|
| 653 |
# |
# |
|a Dân tộc thiểu số
|
| 653 |
# |
# |
|a Truyện thơ
|
| 653 |
# |
# |
|a Việt Bắc
|
| 653 |
# |
# |
|a Việt Nam
|
| 653 |
# |
# |
|a Văn học dân gian
|
| 852 |
# |
# |
|j KD.0025358
|
| 910 |
# |
# |
|d 26/9/2019
|
| 980 |
# |
# |
|a Trung tâm Học liệu Lê Vũ Hùng, Trường Đại học Đồng Tháp
|